Estadísticas para Prueba de Rosalía de Castro

Haz click aquí para intentar la prueba.

Estadísticas generales

  • Esta prueba ha sido intentada 51 veces
  • La puntuación promedio es 6 de 12

Estadísticas de respuestas

PreguntaRespuesta% Correcto
¿En qué año nació?1837
74%
¿Cuál era su nombre de pila?María Rosalía Rita
72%
¿Cuál era la profesión de su padre?Sacerdote
69%
¿Dónde nació?Santiago de Compostela
67%
¿Cómo se llamaba el título de su primera obra?La flor
64%
¿En qué año se publicó Cantares Gallegos?1863
51%
¿En qué año se le dedicó el Día de las Letras Gallegas?1963
44%
¿Su madre qué era?Hidalga
44%
En 1979, el Banco de España decide sacar un billete con su cara. ¿De cuántas pesetas era dicho billete?500 pesetas
33%
¿A cuántos años luz está la constelación de la Tierra?240 años luz
26%
¿Qué aerolínea luce una imagen de Rosalía de Castro en un Boeing 737?Norwegian
26%
En 2019, una estrella fue nombrada a su nombre. ¿A qué constelación pertenece esa estrella?Ofiuco
18%

Distribución de puntuación

Porcentaje por número respondido

Porcentaje de gente con cada puntuación

Historial de tus puntuaciones

No has intentado esta prueba.